| 000 | 00441nam a2200145Ia 4500 | ||
|---|---|---|---|
| 008 | 151213s9999 xx 000 0 und d | ||
| 100 | _aKaren L. Greenberg / Hewey Winer | ||
| 245 |
_aThe Advancing Writer / Book 2 _cKaren L. Greenberg / Hewey Winer |
||
| 260 |
_aU S A _bHarper Collings _c1994 |
||
| 300 | _a8161 p. | ||
| 650 | _aEnglish Language | ||
| 650 | _aEnglish Language | ||
| 700 | _aKaren L. Greenberg / Hewey Winer | ||
| 999 |
_c4102 _d4102 |
||